| 000 | 00359cam a22001217a 4500 | ||
|---|---|---|---|
| 008 | 180718b1969 xxu||||| |||| 00| 0 eng d | ||
| 082 | _aR1x54 In7 | ||
| 245 |
_aEmployment outlook for engineeers, 1969-79 _cBy IAMR |
||
| 260 |
_aNew Delhi _bInstiute of applied manpower research _c1969 |
||
| 300 | _a64p | ||
| 650 | _aPay and allowances | ||
| 650 | _aLabour supply | ||
| 999 |
_c411368 _d411368 |
||